000 00666nam a2200241Ia 4500
003 OSt
005 20221005043307.0
006 a|||||r|||| 00| 0
007 ta
008 221004b |||||||| |||| 00| 0 eng d
024 _a55220
037 _cTextual
040 _aCRL
_cCRL
_beng
041 _2eng
_aeng
082 _aT6.73.N, M4
100 _aKneedler Rebecca Dailey
_9591386
245 0 _aSpecial education for today
260 _aEnglewood
_bCliffs Prentice Hall
_c1984
300 _a365p.
_ccm.
650 _aEXCEPTIONAL CHILDREN - EDUCATION
942 _hT6.73.N, M4
_cTEXL
_2cc
999 _c951615
_d951615